| 000 | 00529nam a2200181Ia 4500 | ||
|---|---|---|---|
| 999 |
_c29542 _d29542 |
||
| 003 | OSt | ||
| 005 | 20201202114333.0 | ||
| 008 | 190216s9999||||xx |||||||||||||| ||und|| | ||
| 020 | _a9788171748105 | ||
| 040 | _coclc | ||
| 082 |
_a894.8123 _bMAN/N |
||
| 100 |
_aMangalodhayam, Sudhakar _96647 |
||
| 245 | 0 |
_aNeela Viriyitta Jaalakam / _cSudhakar Mangalodhayam |
|
| 260 |
_bC I C C Book House, _aKochi: _c2009. |
||
| 300 | _a192p | ||
| 650 | _aNovel | ||
| 942 |
_cBK _2ddc _h894.8123 _iMAN/N _k894.8123 _mMAN/N |
||